| 000 | 01083nam a22002177a 4500 | ||
|---|---|---|---|
| 003 | OSt | ||
| 005 | 20260512111531.0 | ||
| 008 | 260512b |||||||| |||| 00| 0 eng d | ||
| 020 | _a9781784753696 | ||
| 040 | _aKenya National Library Service | ||
| 082 | _a813.6 PAT | ||
| 100 | _aPatterson, James | ||
| 245 |
_a17th Suspect / _cJames Patterson and Maxine Paetro. |
||
| 300 |
_a348 pages ; _c20 cm |
||
| 520 | _aLindsay Boxer investigates a series of seemingly random murders in San Francisco. At the same time, a scandal threatens her career when a police shooting involving her partner comes under scrutiny. As the body count rises, Lindsay and the Women’s Murder Club uncover links between the victims and realize the killer is targeting people connected by hidden secrets from the past. The investigation becomes more dangerous as the murderer stays one step ahead of the police. | ||
| 650 | _aWomen detectives -- Fiction | ||
| 650 | _aMurder -- Investigation -- Fiction | ||
| 942 |
_2ddc _cBK _n0 |
||
| 999 |
_c492707 _d492707 |
||